|
|
|
|
| LEADER |
00681nab a2200181 i 4500 |
| 001 |
acta12940 |
| 005 |
20210610145746.0 |
| 008 |
161015s2007 hu o 0|| hun d |
| 022 |
|
|
|a 1788-5345
|
| 040 |
|
|
|a SZTE Egyetemi Kiadványok Repozitórium
|b hun
|
| 041 |
|
|
|a hun
|
| 100 |
1 |
|
|a Galbács Zsuzsanna
|
| 245 |
1 |
0 |
|a "DNS-ampelográfia"
|h [elektronikus dokumentum] :
|b szőlőfajták jellemzése mikroszatellit DNS vonalkóddal /
|c Galbács Zsuzsanna
|
| 260 |
|
|
|c 2007
|
| 300 |
|
|
|a 93-99
|
| 490 |
0 |
|
|a Agrár- és vidékfejlesztési szemle
|v 2 No. 2
|
| 695 |
|
|
|a Természettudomány, Biológia
|
| 856 |
4 |
0 |
|u http://acta.bibl.u-szeged.hu/12940/1/agrarszemle_2007_002_093-099.pdf
|z Dokumentum-elérés
|